000 00864nam a2200229 i 4500
001 85785
003 ES-MaACL
005 20250822215217.0
007 t|
008 041201s1976 sp ||||1| spa d
245 0 0 _aViaje a Asturias de Sus Majestades los Reyes de España
_b: 18 y 19 de mayo de 1976.
260 _a[Madrid :
_bEdiciones del Movimiento,
_c1976]
300 _a23 p., [24] h. de lám. ;
_c22 cm.
594 _aIncluye los discursos de Juan Carlos I durante la visita.
600 0 4 _aJuan Carlos
_bI,
_cRey de España-
_xViajes
_9171861
600 0 4 _aSofía,
_cReina consorte de Juan Carlos I, Rey de España-
_xViajes
_9171862
710 1 _aEspaña.
_bRey (1975-2014: Juan Carlos I)
_93961
710 2 _aEdiciones del Movimiento.
_9171800
852 _aES-MaACL
_j2103-F-11
852 _aES-MaACL
_j2103-F-10
999 _c85785
_d85785